• 首页
  • 本馆介绍
  • 公告通知
  • 最新文献
  • 馆藏检索
  • 电子资源
  • 读者导购
  • 参考咨询
  • 我的图书馆
  • 登录
  • 详细信息显示
  • 放入我的书架
  • 预约/预借图书
  • 作者相关作品
  • 分类相关作品
  • 丛书相关作品
  • 出版社相关作品

书目信息

  • 表格格式
  • 工作单格式
  • 卡片格式
题名:
电影和历史
    
 
作者: 费罗 , Ferro 著 ;彭姝祎 译
分册:  
出版信息: 北京   北京大学出版社  2008.06
页数: 188页
开本: 23cm
丛书名: 快乐之眼
单 册:
中图分类: J90-05
科图分类:
主题词: 电影--关系--史学 , 电影 , 史学
电子资源:
ISBN: 978-7-301-13906-6
000 00991oam2 2200313 450
001 010700054197
005 20091208152629.79
010    @a978-7-301-13906-6@dCNY28.00
100    @a20080806d2008 em y0chiy0110 ea
101 1  @achi@cfre
102    @aCN@b110000
105    @aa z 000yy
106    @ar
200 1  @a电影和历史@9dian ying he li shi@f(法)马史·费罗(Marc Ferro)著@g彭姝祎译
210    @a北京@c北京大学出版社@d2008.06
215    @a188页@c照片@d23cm
225 2  @a快乐之眼@e培文书系文化艺术译丛
330    @a本书内容包括:电影:历史文献;电影:历史的代言人;电影语言的运作方式;制造影像的社会和接收影像的社会;电影中的历史。
461  0 @12001 @a快乐之眼
510 1  @aCinema et histoire@zfre
606 0  @a电影@x关系@x史学
606 0  @a电影
606 0  @a史学
690    @aJ90-05@v4
701  1 @a费罗@9fei luo@bM.@4著
701  1 @aFerro@bMarc@4著
702  0 @a彭姝祎@9peng shu yi@4译
801  0 @aCN@bRENTIAN@c20091208
905    @b20796160-64@dJ90-05@e228@f5
    
    电影和历史/(法)马史·费罗(Marc Ferro)著/彭姝祎译.-北京:北京大学出版社,2008.06
    188页:照片;23cm.-(快乐之眼:培文书系文化艺术译丛)
    
    
    ISBN 978-7-301-13906-6:CNY28.00
    本书内容包括:电影:历史文献;电影:历史的代言人;电影语言的运作方式;制造影像的社会和接收影像的社会;电影中的历史。
●
相关链接 在E读中查询图书 在五车中查询图书 在当当中查询图书 在豆瓣中查询图书


正题名:电影和历史     索取号:J90-05/228         预约/预借

序号 登录号 条形码 馆藏地/架位号 状态 备注
1 796160   207961605   第一样本阅览室/ [索取号:J90-05/228] 在馆    
2 796161   207961614   第一借阅区/ [索取号:J90-05/228] 在馆    
3 796162   207961623   第一借阅区/ [索取号:J90-05/228] 在馆    
4 796163   207961632   第一借阅区/ [索取号:J90-05/228] 在馆    
5 796164   207961641   第一借阅区/ [索取号:J90-05/228] 在馆    
欢迎您!
大连网信软件有限公司© 版权所有